000 00761cam a2200265 4500
001 6018
003 BD-RjUL
005 20211208234153.0
008 140108r19721971nyua b 001 0 eng
020 _a085006898 X
035 _a(BD-RjUL)6057
040 _aDLC
_cDLC
_dBD-RjUL
_beng
041 _aeng
082 0 0 _a616.042
_bVOH 1972
100 1 _aVolpe, E. Peter
_q(Erminio Peter)
_918927
245 1 0 _aHuman heredity and birth defects /
_cE. Peter Volpe.
260 _aNew York :
_bPegasus,
_c1971 [reprint 172].
300 _a166 p. :
_billus. ;
_c21 cm.
490 0 _aThe Science and society series
504 _aIncludes bibliography and index.
650 0 _aMedical genetics.
_918928
942 _2ddc
_cBK
999 _c6018
_d6018